000 00539cam a22002052 4500
001 0000020019
005 20151217145922.0
008 110526s xx 000 0 eng d
020 _a0007137311 :
040 _aKABU
_cKABU
100 1 _aNix, Garth.
_@0000180059
245 1 0 _aSabriel /
_cGarth Nix.
250 _a1st ed.
260 _aAustralia :
_bHarperCollins,
_c1995.
300 _a366 p.
650 0 _aAustralian fiction.
_@0000180060
908 _a110526
950 _@1
999 _c4056
_d4056